000
00319nam a2200109Ia 4500
008
180205s9999 xx 000 0 und d
020
_a
9781138860780
100
_a
Croucher, Stephen M.
245
_a
Global perspective on intercultural communication /
260
_a
New york :
_b
routledge
_c
2017
300
_a
vi, 376 pages
999
_c
354936
_d
354936